Online
Catalog

Grito de victoria! / (Record no. 22904)

MARC details
000 -CABECERA
campo de control de longitud fija 00728nam a2200217 a 4500
001 - NÚMERO DE CONTROL
campo de control 000023407
005 - FECHA Y HORA DE LA ÚLTIMA TRANSACCIÓN
campo de control 20200930022210.0
008 - DATOS DE LONGITUD FIJA--INFORMACIÓN GENERAL
campo de control de longitud fija 101206s1986 txu 000 0 spa d
020 ## - NÚMERO INTERNACIONAL ESTÁNDAR DEL LIBRO
Número Internacional Estándar del Libro 0311461069
040 ## - FUENTE DE LA CATALOGACIÓN
Centro catalogador/agencia de origen DO-SdBNP
Lengua de catalogación spa
Centro/agencia transcriptor BNPHU
082 ## - NÚMERO DE LA CLASIFICACIÓN DECIMAL DEWEY
Número de clasificación 242
Número de documento/Ítem P154g
049 ## - FONDOS LOCALES (OCLC)
Fondos de biblioteca BNGR
100 1# - ENTRADA PRINCIPAL--NOMBRE DE PERSONA
Nombre de persona Palau, Luis,
Fechas asociadas al nombre 1934-
9 (RLIN) 48223
245 10 - MENCIÓN DE TÍTULO
Título Grito de victoria! /
Mención de responsabilidad, etc. Luis Palau.
260 ## - PUBLICACIÓN, DISTRIBUCIÓN, ETC.
Lugar de publicación, distribución, etc. El Paso, Texas :
Nombre del editor, distribuidor, etc. Casa Bautista de Publicaciones ;
-- Distribucion, Estados Unidos, Broadman,
Fecha de publicación, distribución, etc. 1986.
300 ## - DESCRIPCIÓN FÍSICA
Extensión 138 p. ;
Dimensiones 19 cm.
490 1# - MENCIÓN DE SERIE
Mención de serie Casa Bautista de Publicaciones
Designación de volumen o secuencia 46106
650 #4 - PUNTO DE ACCESO ADICIONAL DE MATERIA--TÉRMINO DE MATERIA
Término de materia o nombre geográfico como elemento de entrada Entremes (literatura)
9 (RLIN) 39848
650 #4 - PUNTO DE ACCESO ADICIONAL DE MATERIA--TÉRMINO DE MATERIA
Término de materia o nombre geográfico como elemento de entrada Literatura cristiana argentina
9 (RLIN) 48224
830 #0 - PUNTO DE ACCESO ADICIONAL DE SERIE-TÍTULO UNIFORME
Título uniforme Casa Bautista de Publicaciones ;
Designación de volumen o secuencia 46106
9 (RLIN) 34391
Holdings
Estado de retiro Estado de pérdida Restricciones de uso No para préstamo Código de colección Localización permanente Ubicación/localización actual Ubicación en estantería Fecha de adquisición Número de inventario Total de préstamos Signatura topográfica completa Código de barras Fecha visto por última vez Precio válido a partir de Tipo de ítem Koha
    Préstamo interno   Monografías: Libros y Folletos General General En catalogación 06.12.2010 LF1   242 P154g 23407-10 25.06.2020 25.06.2020 Préstamo interno

Powered by Koha